Normal view
MARC view
- CAD-CAM-UNDERSTANDING
Entry Topical Term
001 - CONTROL NUMBER
- control field: 64647
003 - CONTROL NUMBER IDENTIFIER
- control field: NUST
005 - DATE AND TIME OF LATEST TRANSACTION
- control field: 20210628203319.0
008 - FIXED-LENGTH DATA ELEMENTS
- fixed length control field: 210628|| aca||aabn | a|a d
040 ## - CATALOGING SOURCE
- Original cataloging agency: NUST
- Transcribing agency: NUST
150 ## - HEADING--TOPICAL TERM
- Topical term or geographic name entry element: CAD-CAM-UNDERSTANDING
670 ## - SOURCE DATA FOUND
- Source citation: Work cat.: (NUST): BOWMAN, DANIEL.J , BOWMAN, ANNETTE.C 64646, UNDERSTANDING CAD-CAM, 1987
